Kung Fu Panda Quotes - Statistics

General Stats
  • This quiz has been taken 170 times
  • The average score is 9 of 17
Answer Stats
Hint Answer % Correct
That, was inner peace. Shifu
95%
I can't even beat you to the stairs. Po
92%
I wish my mouth was bigger. Mantis
73%
Wings of disagree. Crane
72%
There is no good or bad, there is just news. Oogway
71%
You're just a big fat panda. Tai Lung
71%
And I come home to find you taking a bath with your dolls. Ping
65%
I can feel a kung fu chill coming up my back. Po
62%
Its me, Your bestie. Monkey
58%
The mast is not a worthy opponent. Tigress
57%
Just like your friend, the bug. Kai
52%
Who do you think you are panda? Lord Shen
30%
I wonder if I could fit in that. Li Shan
24%
Get ready to dance, with danger. Mei Mei
20%
Stripy baby. Lei Lei
13%
Only one at a time? Bao
4%
A lethal fighting machine. Grandma Sarah
1%
No matching quizzes found
Score Distribution
Percent of People with Each Score
Percentile by Number Answered
Your Score History
You have not taken this quiz